Statistics for Countries I have been to

Click here to take the quiz!

General Stats

  • This quiz has been taken 23 times
  • The average score is 26 of 35

Answer Stats

Hint Answer % Correct
EuropeFrance
100%
OceaniaAustralia
100%
EuropeUnited Kingdom
96%
AsiaChina
96%
EuropeGermany
96%
EuropeItaly
91%
AsiaTurkey
87%
AsiaThailand
87%
EuropeCroatia
87%
AsiaIndia
87%
South AmericaChile
83%
AsiaSouth Korea
83%
EuropeNetherlands
83%
AsiaMalaysia
78%
AsiaVietnam
78%
EuropeBelgium
78%
EuropeDenmark
78%
EuropeCzech Republic
78%
AsiaLaos
74%
EuropeSwitzerland
70%
EuropeLuxembourg
70%
AsiaIndonesia
70%
AsiaCambodia
70%
AsiaSingapore
70%
EuropeVatican City
65%
AsiaBrunei
65%
AsiaNepal
61%
AsiaUnited Arab Emirates
61%
AsiaOman
57%
AsiaQatar
57%
AsiaPhilippines
57%
AsiaBangladesh
57%
AsiaKyrgyzstan
52%
EuropeMalta
52%
AsiaKazakhstan
52%

Score Distribution

Percentile by Number Answered

Percent of People with Each Score

Your Score History

You have not taken this quiz